01739nam a2200409Mi 450000100060000000300080000600500170001400600190003100700150005000800410006502000150010602000180012103500230013904000310016205000230019308000210021608200170023710000430025424501590029726400610045630000410051733600310055833700330058933800430062249000290066558800830069459001620077760000770093965000620101665000700107865000260114865500270117479700180120183000300121985600630124999900170131288116FINmELB20241217171622.0m o u cr cn|||||||||230103s2022 sp o u000 u spa d a3968692594 a9783968692593 a(OCoLC) 1363112361 aFINmELBbspaerdacFINmELB 4aPQ7111b.P749 2022 a821.134.2(72).0904a860.99722231 aPérez González, Andrea M.,eautor.10aLeer el libro desde sus paratextos :bcensura, crítica y legitimación en la literatura novohispana (siglos XVI-XVIII) /cAndrea M. Pérez González. 1aMadrid/Frankfurt :bVervuert Verlagsgesellschaft,c2022. a1 recurso en línea (253 páginas) atextobtxt2rdacontent/spa acomputadorabc2rdamedia/spa arecurso en líneabcr2rdacarrier/spa1 aBiblioteca Indiana ;v51 aDescripción basada en metadatos suministrados por el editor y otras fuentes. aRecurso electrónico. Santa Fe, Arg.: elibro, 2023. Disponible vía World Wide Web. El acceso puede estar limitado para las bibliotecas afiliadas a elibro.14aJuana Inés de la Cruz,cSor,d1651-1695xCrítica e interpretación. 4aLiteratura mexicanaxys. XVI-XVIIIxHistoria y crítica. 4aLiteratura hispanoamericanaxys. XVI-XVIIIxHistoria y crítica. 4aParatextosxHistoria. 4aLibros electrónicos.2 aelibro, Corp. 0aBiblioteca Indiana ;v51.40uhttps://elibro.net/ereader/politecnicointernacional/221516 c88116d88116